01339nam0a22002171 4500001001000000005001700010035002600027100004100053101000800094102000700102105001800109200023800127210003200365215001500397225058400412320003300996701003301029801001801062801002201080852001901102rc\73545520250622113211.0 a(NLR Aleph) 006265565 a20040301d1985 |||y0rusy50 ca0 arus aRU ay |||||||||1 aПроблемы безопасности применения пестицидов в личных подсобных хозяйствахfЛ.В. Селиванова, С.С. Кукаленко, Т.К. Никитенко и др. aМ.cНИИТЭХИМd1985 a64 с.d201 aХимическая промышленность и промышленность по производству минеральных удобренийiСерия "Обзоры по важнейшим научным и научно-техническим проблемам, предусмотренным пятилетним планом развития народного хозяйства"eОбзор. информ.fМ-во хим. пром-сти, М-во по пр-ву минер. удобрений. НИИ техн.-экон. исслед.vВып. 2 (16) aБиблиогр.: с. 57-62 1aСеливановаbЛ.В. 0aRUbNLRgpsbo 1aRUbELAR2rusmarc aNLRjП10/5572